000 00655nam a22001697a 4500
999 _c12526
_d12526
008 190130b ||||| |||| 00| 0 eng d
082 _22018
_aUT 1131
_bB35
100 _aBayarcal, Angela
_935328
245 _aBPE students' perception on Teachers' teaching techniques and dance performance /
_cAngela Bayarcal, Marco J. Donaire, and Lovely Joy O. Sanchez
260 _aDigos City:
_bUMDC
_cNovember 2018.
300 _a59 pages;
_c30 cm.
650 _aEducation
_vPhysical Education
_xUndergraduate thesis.
_935229
700 _aBayarcal, Angela
_935328
700 _aDonaire, Marco J.
_935329
700 _aSanchez, Lovely Joy O.
_935330
942 _2ddc
_cUT